[Event "SR 1. liga zapad 2014/2015"]
[Site "?"]
[Date "2014.11.30"]
[Round "4.6"]
[White "Lanc, Alois"]
[Black "Chovan, Milan"]
[Result "1/2-1/2"]
[WhiteElo "2344"]
[BlackElo "2093"]
[PlyCount "123"]
[EventDate "2014.??.??"]

1. e4 c5 2. Nf3 d6 3. d4 cxd4 4. Nxd4 Nf6 5. Nc3 a6 6. h3 e6 7. g4 h6 8. Bg2 g5
9. Nde2 Nbd7 10. f4 gxf4 11. Bxf4 Qb6 12. b3 Ne5 13. Qd2 Nfd7 14. Be3 Qc7 15.
Ng3 b6 16. Nce2 Bb7 17. c4 O-O-O 18. Nf4 Be7 19. O-O Bg5 20. Rac1 Kb8 21. Rfd1
Nc5 22. Qc3 Bxf4 23. Bxf4 Ng6 24. Qe3 Nxf4 25. Qxf4 e5 26. Qf2 Ne6 27. Rd2 Nf4
28. Rcd1 h5 29. Nxh5 Nxh5 30. gxh5 Rxh5 31. Qf6 Rg8 32. Kh2 Rg6 33. Qf3 Rh4 34.
Qe3 Rf4 35. Rf2 Qe7 36. Rxf4 Qg5 37. Rg1 exf4 38. Qf2 Qg3+ 39. Qxg3 fxg3+ 40.
Kh1 Re6 41. Rf1 Bxe4 42. Bxe4 Rxe4 43. Kg2 b5 44. cxb5 axb5 45. Kxg3 Kc7 46.
Rxf7+ Kc6 47. h4 Re1 48. Rf2 d5 49. h5 d4 50. h6 Rh1 51. Rf6+ Kc5 52. Kf2 Rh2+
53. Kf3 d3 54. Ke3 d2 55. Rf1 Kb4 56. Kd3 Rxh6 57. Kc2 Ka3 58. Rf5 Rd6 59. Kd1
b4 60. Ra5+ Kb2 61. Rb5 Rd4 62. Ra5 1/2-1/2

[Event "SR 1. liga zapad 2014/2015"]
[Site "?"]
[Date "2014.11.30"]
[Round "4.6"]
[White "Kalisky, Vladimir"]
[Black "Vass, Frantisek"]
[Result "0-1"]
[WhiteElo "2268"]
[BlackElo "2280"]
[PlyCount "70"]
[EventDate "2014.??.??"]

1. Nf3 d5 2. d4 Nf6 3. Bf4 e6 4. e3 Bd6 5. c3 O-O 6. Bd3 c5 7. Ne5 b6 8. Nd2
Ba6 9. Bxa6 Nxa6 10. Qa4 Nb8 11. dxc5 bxc5 12. Nd3 Bxf4 13. Qxf4 Qb6 14. b3 Qa5
15. Ke2 Nbd7 16. Rhc1 Qa6 17. c4 Rfe8 18. g4 e5 19. Qg3 g5 20. h4 e4 21. Nb2
Re5 22. Na4 d4 23. hxg5 d3+ 24. Ke1 Rxg5 25. Nf1 Rxg4 26. Qh3 Ne5 27. Nh2 d2+
28. Kxd2 Qd6+ 29. Kc2 Qd3+ 30. Kb2 Qd2+ 31. Ka3 Nd3 32. Rc3 Rg6 33. Qf1 Nb4 34.
Qd1 Rd8 35. Qxd2 Rxd2 0-1

[Event "SR 1. liga zapad 2014/2015"]
[Site "?"]
[Date "2014.11.30"]
[Round "4.6"]
[White "Banas, Jan"]
[Black "Szucs, Vladimir"]
[Result "1/2-1/2"]
[WhiteElo "2273"]
[BlackElo "2228"]
[PlyCount "67"]
[EventDate "2014.??.??"]

1. c4 c5 2. Nf3 Nc6 3. Nc3 g6 4. e3 Nf6 5. d4 cxd4 6. exd4 d5 7. cxd5 Nxd5 8.
Qb3 e6 9. Bb5 Bg7 10. Ne5 Nde7 11. Bxc6+ Nxc6 12. Nxc6 bxc6 13. Be3 O-O 14. O-O
Bxd4 15. Rfd1 e5 16. Bxd4 exd4 17. Qc4 Be6 18. Qxd4 Qxd4 19. Rxd4 Rfd8 20. Rad1
Rxd4 21. Rxd4 Rb8 22. Rd2 Kf8 23. f3 Ke7 24. Kf2 h6 25. Ke3 g5 26. a3 a5 27. f4
f6 28. g3 Rb7 29. fxg5 fxg5 30. Ne4 Bd5 31. Kd4 Bxe4 32. Kxe4 Rb5 33. Re2 Kd6
34. Rd2+ 1/2-1/2

[Event "SR 1. liga zapad 2014/2015"]
[Site "?"]
[Date "2014.11.30"]
[Round "4.6"]
[White "Gorusa, Miroslav"]
[Black "Lukac, Roman"]
[Result "1-0"]
[WhiteElo "2172"]
[BlackElo "2092"]
[PlyCount "81"]
[EventDate "2014.??.??"]

1. d4 Nf6 2. c4 e6 3. Nc3 d5 4. Bg5 c6 5. e3 Nbd7 6. Nf3 Be7 7. Qc2 h6 8. Bh4
O-O 9. Bd3 dxc4 10. Bxc4 b5 11. Bd3 Bb7 12. O-O a6 13. Ne4 Rc8 14. Bxf6 gxf6
15. Rfd1 Qb6 16. Rac1 c5 17. Qe2 c4 18. Bb1 f5 19. Ng3 Nf6 20. Ne5 Rc7 21. e4
fxe4 22. Nxe4 Rd8 23. Qf3 Kg7 24. Qg3+ Kf8 25. Qf4 Kg7 26. Nxf6 Bxf6 27. Rc3
Bg5 28. Rg3 f6 29. h4 fxe5 30. Qxe5+ Kg8 31. hxg5 h5 32. Rh3 Rd5 33. Qf6 Rg7
34. g6 Qd6 35. Be4 e5 36. Bxd5+ Qxd5 37. Rg3 h4 38. Rg5 h3 39. Qxe5 Qd7 40. d5
Re7 41. Qf5 1-0

[Event "SR 1. liga zapad 2014/2015"]
[Site "?"]
[Date "2014.11.30"]
[Round "4.6"]
[White "Miklas, Marian"]
[Black "Pinter, Patrik"]
[Result "0-1"]
[WhiteElo "2112"]
[BlackElo "2125"]
[PlyCount "114"]
[EventDate "2014.??.??"]

1. Nf3 g6 2. c4 Bg7 3. g3 c5 4. Bg2 Nc6 5. Nc3 Nf6 6. O-O O-O 7. a3 a6 8. Rb1
Rb8 9. b4 cxb4 10. axb4 b5 11. cxb5 axb5 12. d4 d6 13. d5 Ne5 14. Nxe5 dxe5 15.
Qb3 Ne8 16. Be3 Nd6 17. Bc5 f5 18. f4 e4 19. e3 Bd7 20. Rfd1 Ra8 21. Bf1 Qb8
22. Ne2 Nc4 23. Qc2 Na3 24. Qb3 Nc4 25. Qc2 Rc8 26. Rb3 Ra6 27. Nd4 Nd6 28. Rc3
Qa8 29. Qb3 Bf6 30. Rdc1 Ra1 31. R3c2 Ra3 32. Qb1 Qxd5 33. Bxd6 Rxc2 34. Nxc2
Rb3 35. Bc5 Rxb1 36. Rxb1 Qa2 37. Rd1 Be6 38. Nd4 Bxd4 39. Rxd4 Bc4 40. Rd1 Kf7
41. Rc1 Bd3 42. Rd1 h6 43. Rxd3 exd3 44. Bxd3 Qa4 45. Bf1 g5 46. Be2 Kf6 47.
Bf1 e5 48. fxe5+ Kxe5 49. Be2 Ke4 50. Kf2 Qc2 51. Bf8 Qd2 52. Bc5 h5 53. Kf1 h4
54. gxh4 f4 55. exf4 gxf4 56. Bxb5 f3 57. Kg1 Qg2# 0-1

[Event "SR 1. liga zapad 2014/2015"]
[Site "?"]
[Date "2014.11.30"]
[Round "4.6"]
[White "Dlhy, Jozef"]
[Black "Kavon, Rastislav"]
[Result "0-1"]
[WhiteElo "2075"]
[BlackElo "2153"]
[PlyCount "77"]
[EventDate "2014.??.??"]

1. d4 Nf6 2. c4 g6 3. Nc3 Bg7 4. e4 d6 5. Be2 O-O 6. Nf3 e5 7. O-O Nc6 8. d5
Ne7 9. Ne1 Nd7 10. Nd3 f5 11. f3 f4 12. Bd2 g5 13. b4 Rf7 14. c5 Nf6 15. h3 h5
16. Nf2 Bf8 17. cxd6 cxd6 18. Rc1 Kh8 19. a4 Neg8 20. Qc2 Nh6 21. Nb5 Ne8 22.
Qd1 Rg7 23. Rc3 Bd7 24. Qb3 a6 25. Na3 Nf6 26. a5 g4 27. fxg4 hxg4 28. hxg4
Nhxg4 29. Nxg4 Bxg4 30. Bxg4 Nxg4 31. Rh3+ Kg8 32. Rc1 Qg5 33. Qf3 Nf6 34. Kf2
Qg6 35. Rc4 Nh7 36. Rh2 Ng5 37. Qe2 f3 38. Qe3 Nh3+ 39. Ke1 0-1

[Event "SR 1. liga zapad 2014/2015"]
[Site "?"]
[Date "2014.11.30"]
[Round "4.6"]
[White "Drtina, Milan"]
[Black "Pereszlenyi, Gejza"]
[Result "1-0"]
[WhiteElo "2175"]
[BlackElo "1953"]
[PlyCount "63"]
[EventDate "2014.??.??"]

1. e4 c6 2. d4 d5 3. Nd2 dxe4 4. Nxe4 Bf5 5. Ng3 Bg6 6. f4 e6 7. Nf3 Bd6 8. Bd3
Ne7 9. c3 Nd7 10. O-O O-O 11. Bxg6 Nxg6 12. Ne5 Qc7 13. Be3 Rad8 14. Qe2 c5 15.
Ne4 Be7 16. Nxd7 Rxd7 17. Nxc5 Bxc5 18. dxc5 Rfd8 19. Rad1 h6 20. g3 a6 21. Rd4
Ne7 22. Rxd7 Qxd7 23. Bf2 g6 24. Re1 h5 25. Bd4 Nf5 26. Bf6 Rc8 27. Rd1 Qc6 28.
b4 Kh7 29. Qd3 Rf8 30. h3 Qa4 31. Rd2 Nxg3 32. Qxg3 1-0

[Event "SR 1. liga zapad 2014/2015"]
[Site "?"]
[Date "2014.11.30"]
[Round "4.6"]
[White "Chrenko, Kristian"]
[Black "Puskar, Peter"]
[Result "1/2-1/2"]
[WhiteElo "1718"]
[BlackElo "2051"]
[PlyCount "68"]
[EventDate "2014.??.??"]

1. e4 c5 2. Nf3 d6 3. Bb5+ Nc6 4. c4 Bd7 5. Nc3 g6 6. d4 cxd4 7. Nxd4 Bg7 8.
Be3 Nf6 9. f3 O-O 10. O-O Rc8 11. b3 a6 12. Bxc6 Bxc6 13. Nxc6 Rxc6 14. Rc1 Qa5
15. Qd2 Qh5 16. Nd5 Nxd5 17. cxd5 Rxc1 18. Rxc1 f5 19. exf5 Qxf5 20. Rc7 Rc8
21. Rxc8+ Qxc8 22. Kf2 Kf7 23. Ke2 Qf5 24. Qd3 Qe5 25. Qe4 Qb2+ 26. Bd2 Bf6 27.
Qe6+ Kg7 28. g4 Qxa2 29. Qe3 g5 30. h4 h6 31. h5 Qc2 32. Qd3 Qxd3+ 33. Kxd3 Kf7
34. Ke4 e5 1/2-1/2

[Event "SR 1. liga zapad 2014/2015"]
[Site "?"]
[Date "2015.01.10"]
[Round "5.1"]
[White "Vojtek, Vladimir"]
[Black "Motuz, Karol"]
[Result "0-1"]
[WhiteElo "2336"]
[BlackElo "2336"]
[PlyCount "96"]
[EventDate "2014.??.??"]

1. e4 c5 2. Nc3 g6 3. f4 Bg7 4. Nf3 a6 5. b3 Nc6 6. Bb2 d6 7. Bd3 Bg4 8. h3
Bxf3 9. Qxf3 Nf6 10. Ne2 O-O 11. c3 b5 12. O-O c4 13. Bc2 Rc8 14. d4 cxd3 15.
Bxd3 Nd7 16. Rad1 Nc5 17. Bb1 Qb6 18. Qf2 a5 19. Bc1 b4 20. c4 a4 21. Be3 axb3
22. axb3 Qa5 23. e5 Nxb3 24. exd6 exd6 25. f5 Rfe8 26. Rd5 Qc7 27. Bf4 Ne5 28.
Rfd1 Qxc4 29. Kh1 Nc5 30. Ng3 Rc6 31. Bc1 Na4 32. f6 Bf8 33. Ne4 Qxc1 34. Rxc1
Rxc1+ 35. Kh2 Rxb1 36. Qa7 Nc5 37. Ng5 Ncd7 38. Qa2 Rf1 39. Rb5 Nxf6 40. Rxb4
d5 41. Qa6 Rf5 42. Rb3 Nfg4+ 43. hxg4 Rxg5 44. Qa4 Nxg4+ 45. Kh3 Nf6 46. Qc6
Rh5+ 47. Kg3 Bd6+ 48. Kf2 Ng4+ 0-1

[Event "SR 1. liga zapad 2014/2015"]
[Site "?"]
[Date "2015.01.10"]
[Round "5.1"]
[White "Obona, Jan"]
[Black "Kovacik, Emil"]
[Result "1/2-1/2"]
[WhiteElo "2166"]
[BlackElo "2216"]
[PlyCount "30"]
[EventDate "2014.??.??"]

1. Nf3 d5 2. c4 c6 3. b3 Nf6 4. g3 Bf5 5. Bg2 e6 6. Bb2 Be7 7. d3 Nbd7 8. Nbd2
h6 9. O-O Bh7 10. a3 a5 11. Ra2 O-O 12. Qa1 Ne8 13. Bc3 Bf6 14. Bxf6 Nexf6 15.
b4 Qe7 1/2-1/2

[Event "SR 1. liga zapad 2014/2015"]
[Site "?"]
[Date "2015.01.10"]
[Round "5.1"]
[White "Borik, Juraj"]
[Black "Chovanec, Milan"]
[Result "1-0"]
[WhiteElo "2188"]
[BlackElo "2143"]
[PlyCount "31"]
[EventDate "2014.??.??"]

1. e4 c6 2. d4 d5 3. exd5 cxd5 4. Nf3 Nc6 5. Bb5 Bd7 6. O-O Nf6 7. c4 e6 8. Nc3
Be7 9. Bg5 dxc4 10. Bxf6 Bxf6 11. d5 Ne5 12. Nxe5 Bxe5 13. dxe6 Bxb5 14. Qh5
O-O 15. Qxe5 Qa5 16. Qxb5 1-0

[Event "SR 1. liga zapad 2014/2015"]
[Site "?"]
[Date "2015.01.10"]
[Round "5.1"]
[White "Kukucka, Matej"]
[Black "Podoba, Milan"]
[Result "1-0"]
[WhiteElo "2073"]
[BlackElo "2131"]
[PlyCount "79"]
[EventDate "2014.??.??"]

1. d4 d5 2. c4 c6 3. Nf3 Nf6 4. Qb3 Qb6 5. c5 Qxb3 6. axb3 Bf5 7. Nc3 Na6 8.
Bf4 Nb4 9. Ra4 Na6 10. e3 Bc8 11. b4 Nh5 12. b5 Nxf4 13. bxa6 Ng6 14. axb7 Bxb7
15. Rb4 Bc8 16. Bd3 e6 17. Bxg6 hxg6 18. Ne5 f6 19. Nxc6 Kd7 20. Na5 Ba6 21. f3
Rh4 22. Rb3 Be7 23. Kf2 Bd8 24. Ra1 Rxh2 25. Nb7 Bc4 26. Rb4 Bc7 27. b3 a5 28.
Rba4 Bxb3 29. R4a3 Bc4 30. Nxa5 Rb8 31. Nxc4 dxc4 32. R1a2 Rb4 33. Ra4 Rxa4 34.
Rxa4 Rh1 35. Ne2 Kc6 36. Rxc4 Ba5 37. Rc1 Rh8 38. Nf4 e5 39. d5+ Kd7 40. Ne6
1-0

[Event "SR 1. liga zapad 2014/2015"]
[Site "?"]
[Date "2015.01.10"]
[Round "5.1"]
[White "Bombek, Peter"]
[Black "Mikusik, Marian"]
[Result "1/2-1/2"]
[WhiteElo "2156"]
[BlackElo "2110"]
[PlyCount "82"]
[EventDate "2014.??.??"]

1. d4 d6 2. e4 Nd7 3. Nc3 c5 4. Nf3 cxd4 5. Qxd4 Ngf6 6. Bg5 h6 7. Be3 Ng4 8.
Be2 Nxe3 9. Qxe3 e6 10. O-O Be7 11. Rad1 a6 12. a4 O-O 13. Nd2 Qc7 14. Kh1 Rd8
15. f4 Rb8 16. Nb3 b6 17. Rf3 Bb7 18. Rg3 Bh4 19. Rh3 Bf6 20. Qf2 Nc5 21. Nxc5
bxc5 22. b3 Qa5 23. Qg3 Qb4 24. e5 dxe5 25. fxe5 Bg5 26. Qf2 Rd4 27. Rhd3 Rbd8
28. Nb1 Rxd3 29. Rxd3 Rxd3 30. Bxd3 a5 31. h3 Bd5 32. Qe2 Qf4 33. Nc3 Qc1+ 34.
Qd1 Qxd1+ 35. Nxd1 Bf4 36. Nc3 Bxe5 37. Nxd5 exd5 38. Bb5 Kf8 39. Bc6 d4 40.
Kg1 Bg3 41. Kf1 Ke7 1/2-1/2

[Event "SR 1. liga zapad 2014/2015"]
[Site "?"]
[Date "2015.01.10"]
[Round "5.1"]
[White "Kvassay, Peter"]
[Black "Pupak, Tomas"]
[Result "1-0"]
[WhiteElo "2048"]
[BlackElo "2022"]
[PlyCount "75"]
[EventDate "2014.??.??"]

1. d4 d6 2. e4 Nf6 3. Nc3 Nbd7 4. Nf3 e5 5. Bc4 Be7 6. O-O O-O 7. Re1 c6 8. a4
a5 9. Ba2 Qc7 10. dxe5 dxe5 11. Nh4 Nc5 12. Nf5 Be6 13. Qf3 Bxa2 14. Rxa2 Ne6
15. Ne2 Rfd8 16. Neg3 Bf8 17. Be3 Rd7 18. Raa1 Rad8 19. Rad1 b5 20. Ra1 b4 21.
Rad1 c5 22. Qe2 c4 23. Rxd7 Rxd7 24. Rd1 Rxd1+ 25. Qxd1 Qc6 26. c3 b3 27. Qf3
Qxa4 28. Nh6+ gxh6 29. Qxf6 Qa1+ 30. Nf1 Bg7 31. Qe7 Qxb2 32. h3 Qxc3 33. Ng3
b2 34. Qe8+ Nf8 35. Nf5 b1=Q+ 36. Kh2 Qxe4 37. Ne7+ Kh8 38. Qxf7 1-0

[Event "SR 1. liga zapad 2014/2015"]
[Site "?"]
[Date "2015.01.10"]
[Round "5.1"]
[White "Prasek, Ivan"]
[Black "Capak, Stefan"]
[Result "1/2-1/2"]
[WhiteElo "2042"]
[BlackElo "2063"]
[PlyCount "35"]
[EventDate "2014.??.??"]

1. e4 c5 2. Nf3 e6 3. g3 Nc6 4. Bg2 Nf6 5. Qe2 d6 6. O-O Be7 7. c3 O-O 8. Rd1
Bd7 9. d4 cxd4 10. cxd4 Rc8 11. Nc3 a6 12. e5 Nd5 13. Nxd5 exd5 14. Bf4 Be6 15.
Rac1 Qd7 16. exd6 Bxd6 17. Bxd6 Qxd6 18. Qd3 1/2-1/2

[Event "SR 1. liga zapad 2014/2015"]
[Site "?"]
[Date "2015.01.10"]
[Round "5.1"]
[White "Gombar, Peter"]
[Black "Orgon, Dusan"]
[Result "1-0"]
[WhiteElo "1994"]
[BlackElo "2066"]
[PlyCount "79"]
[EventDate "2014.??.??"]

1. e4 e6 2. d4 d5 3. Nd2 Nc6 4. Ngf3 Nf6 5. e5 Nd7 6. c3 f6 7. exf6 Qxf6 8. Be2
Bd6 9. Nf1 O-O 10. Ng3 e5 11. dxe5 Ndxe5 12. O-O Be6 13. Ng5 Bc5 14. Nxe6 Qxe6
15. b4 Bb6 16. a4 a5 17. b5 Ne7 18. Qc2 Nf5 19. Bd3 Nxg3 20. hxg3 Nxd3 21. Qxd3
Rxf2 22. Rxf2 Qe1+ 23. Kh2 Qxf2 24. Qxd5+ Kh8 25. Bf4 Re8 26. Rd1 Qe2 27. c4 c6
28. Qf7 g6 29. Qf6+ Kg8 30. Rd7 Qh5+ 31. Qh4 Qxh4+ 32. gxh4 cxb5 33. Rxb7 Bd8
34. axb5 Bxh4 35. c5 Ra8 36. c6 Bd8 37. Rb8 Rxb8 38. Bxb8 Kf7 39. c7 Bxc7+ 40.
Bxc7 1-0

[Event "SR 1. liga zapad 2014/2015"]
[Site "?"]
[Date "2015.01.10"]
[Round "5.2"]
[White "Gazik, Viktor"]
[Black "Maslik, Miroslav"]
[Result "1-0"]
[WhiteElo "2291"]
[BlackElo "2365"]
[PlyCount "49"]
[EventDate "2014.??.??"]

1. f4 c5 2. Nf3 g6 3. d3 Bg7 4. e4 Nc6 5. Nc3 d6 6. h3 e6 7. Be3 Nd4 8. Rb1 Ne7
9. g4 f5 10. Bg2 Nec6 11. O-O O-O 12. Ne2 e5 13. gxf5 gxf5 14. fxe5 Nxf3+ 15.
Rxf3 Nxe5 16. Rg3 Ng6 17. Nf4 Nxf4 18. Bxf4 Kh8 19. Qh5 Be6 20. Rxg7 Kxg7 21.
Qh6+ Kh8 22. Qxe6 Rf6 23. Qd5 Qg8 24. e5 Rg6 25. Kh1 1-0

[Event "SR 1. liga zapad 2014/2015"]
[Site "?"]
[Date "2015.01.10"]
[Round "5.2"]
[White "Kijac, Miroslav"]
[Black "Gazik, Igor"]
[Result "0-1"]
[WhiteElo "2145"]
[BlackElo "2321"]
[PlyCount "50"]
[EventDate "2014.??.??"]

1. Nf3 Nf6 2. b3 g6 3. Bb2 Bg7 4. c4 O-O 5. e3 c5 6. Be2 Nc6 7. d4 d5 8. O-O
dxc4 9. Bxc4 Ne4 10. Qe2 Bg4 11. h3 Bxf3 12. gxf3 Ng5 13. f4 Nxh3+ 14. Kg2 Nxd4
15. Qg4 Nxf4+ 16. exf4 b5 17. Bd3 Qd5+ 18. Kh3 Ne6 19. Bxg7 Qxd3+ 20. Kg2 Kxg7
21. Rd1 Qe4+ 22. Kg3 h5 23. Nc3 Qc2 24. Qf3 Nd4 25. Qd3 Qxc3 0-1

[Event "SR 1. liga zapad 2014/2015"]
[Site "?"]
[Date "2015.01.10"]
[Round "5.2"]
[White "Kaniansky, Miroslav"]
[Black "Pytlik, Pavol"]
[Result "1/2-1/2"]
[WhiteElo "2194"]
[BlackElo "2027"]
[PlyCount "81"]
[EventDate "2014.??.??"]

1. d4 Nf6 2. Nf3 g6 3. c4 Bg7 4. Nc3 O-O 5. e4 d6 6. Be2 e5 7. d5 a5 8. Bg5 Na6
9. Nd2 Qe8 10. a3 Bd7 11. b3 h6 12. Be3 Nh7 13. Rb1 f5 14. f3 f4 15. Bf2 Nc5
16. b4 axb4 17. axb4 Na4 18. Qc1 Nxc3 19. Qxc3 Nf6 20. c5 Bb5 21. Bxb5 Qxb5 22.
Qc4 Qe8 23. O-O Rf7 24. Ra1 Bf8 25. Nb3 g5 26. Rxa8 Qxa8 27. Ra1 Qb8 28. cxd6
cxd6 29. Rc1 Qe8 30. Bb6 g4 31. Kh1 Rg7 32. Nd2 Qg6 33. Qe2 Qh5 34. Rc7 Rxc7
35. Bxc7 g3 36. h3 Qe8 37. b5 Nd7 38. Ba5 Qa8 39. Nc4 b6 40. Bc3 Qa4 41. Nb2
1/2-1/2

[Event "SR 1. liga zapad 2014/2015"]
[Site "?"]
[Date "2015.01.10"]
[Round "5.2"]
[White "Blazek, Milos"]
[Black "Lakatos, Vladimir"]
[Result "1-0"]
[WhiteElo "2035"]
[BlackElo "2121"]
[PlyCount "61"]
[EventDate "2014.??.??"]

1. e4 c5 2. Nf3 e6 3. d4 cxd4 4. Nxd4 a6 5. Nc3 Qc7 6. Bd3 Bb4 7. O-O Nc6 8.
Be3 Nf6 9. f4 Bc5 10. Nf5 Bxe3+ 11. Nxe3 d6 12. Kh1 Rb8 13. Ng4 Nd7 14. Qe1 Nc5
15. Qg3 Nxd3 16. cxd3 Ne7 17. Ne3 O-O 18. Rac1 Qa5 19. Nc4 Qd8 20. f5 e5 21.
Ne3 f6 22. Ncd5 Nc6 23. Qg4 Rf7 24. Rf3 Bd7 25. Rh3 Be8 26. Qh4 h6 27. Ng4 Rc8
28. Rf1 Nd4 29. Rg3 Kh7 30. Nxh6 gxh6 31. Rg6 1-0

[Event "SR 1. liga zapad 2014/2015"]
[Site "?"]
[Date "2015.01.10"]
[Round "5.2"]
[White "Gazikova, Veronika"]
[Black "Halak, Matej"]
[Result "1-0"]
[WhiteElo "2148"]
[BlackElo "1929"]
[PlyCount "52"]
[EventDate "2014.??.??"]

1. e4 e5 2. Nf3 Nf6 3. Nxe5 d6 4. Nf3 Nxe4 5. d3 Nf6 6. d4 Be7 7. Bd3 Bg4 8. h3
Bh5 9. Bf4 Nc6 10. c3 O-O 11. Nbd2 Re8 12. O-O d5 13. Qb3 Rb8 14. Rfe1 Bd6 15.
Ne5 Na5 16. Qa4 c5 17. dxc5 Bxe5 18. Bxe5 Nc6 19. Bxb8 Qxb8 20. Bb5 Bg6 21.
Bxc6 bxc6 22. Rxe8+ Qxe8 23. Qxa7 h5 24. Nf3 Be4 25. Re1 Qc8 26. Ng5 g6 1-0

[Event "SR 1. liga zapad 2014/2015"]
[Site "?"]
[Date "2015.01.10"]
[Round "5.2"]
[White "Masarik, Drahoslav"]
[Black "Gunis, Juraj"]
[Result "1-0"]
[WhiteElo "2022"]
[BlackElo "2034"]
[PlyCount "83"]
[EventDate "2014.??.??"]

1. Nf3 Nf6 2. c4 g6 3. Nc3 Bg7 4. g3 O-O 5. Bg2 d6 6. d4 Nc6 7. O-O a6 8. e4 e5
9. d5 Ne7 10. b4 a5 11. Qb3 axb4 12. Qxb4 Nd7 13. Be3 b6 14. a4 h6 15. a5 bxa5
16. Qa3 f5 17. exf5 Nxf5 18. Ne4 Nd4 19. Nxd4 exd4 20. Bd2 Ne5 21. c5 Nc4 22.
Qb3 Nxd2 23. Nxd2 Kh7 24. cxd6 cxd6 25. h4 Bg4 26. Ne4 Rf7 27. Ra2 Be5 28. f4
Bg7 29. Rc1 Rc7 30. Rxc7 Qxc7 31. Rc2 Qa7 32. Rc6 Rd8 33. Kh2 Rb8 34. Qc2 a4
35. Rc7 d3 36. Qc3 Qxc7 37. Qxc7 Rc8 38. Qxd6 Rc2 39. Qe7 Kh8 40. d6 Bf3 41. d7
Rxg2+ 42. Kh3 1-0

[Event "SR 1. liga zapad 2014/2015"]
[Site "?"]
[Date "2015.01.10"]
[Round "5.2"]
[White "Reisel, Frantisek"]
[Black "Sopko, Rudolf"]
[Result "1-0"]
[WhiteElo "1992"]
[BlackElo "1839"]
[PlyCount "89"]
[EventDate "2014.??.??"]

1. d4 Nf6 2. c4 g6 3. Nc3 d5 4. cxd5 Nxd5 5. Bd2 Bg7 6. e4 Nxc3 7. Bxc3 O-O 8.
Bc4 c6 9. a4 b6 10. Ne2 Ba6 11. Qb3 Bxc4 12. Qxc4 Qc8 13. O-O Qa6 14. Qxa6 Nxa6
15. Rac1 c5 16. Rfd1 Rfd8 17. d5 Rac8 18. f4 Nb4 19. Bxg7 Kxg7 20. Nc3 Rd7 21.
Kf2 a6 22. Ke3 Rcd8 23. g4 f6 24. h4 f5 25. gxf5 gxf5 26. Rg1+ Kf7 27. Rg5 fxe4
28. Kxe4 e6 29. Rd1 exd5+ 30. Nxd5 Nxd5 31. Rdxd5 Re7+ 32. Rge5 Rxd5 33. Rxe7+
Kxe7 34. Kxd5 Kd7 35. f5 h5 36. f6 Ke8 37. Kc6 b5 38. axb5 axb5 39. Kxb5 Kf7
40. Kxc5 Kxf6 41. b4 Kf5 42. b5 Kg4 43. b6 Kxh4 44. b7 Kg3 45. b8=Q+ 1-0

[Event "SR 1. liga zapad 2014/2015"]
[Site "?"]
[Date "2015.01.10"]
[Round "5.2"]
[White "Kuric, Michal"]
[Black "Sobota, Michal"]
[Result "1/2-1/2"]
[WhiteElo "1772"]
[BlackElo "1403"]
[PlyCount "93"]
[EventDate "2014.??.??"]

1. e4 c5 2. Nf3 d6 3. Nc3 Nf6 4. Bb5+ Bd7 5. Bxd7+ Nbxd7 6. d4 cxd4 7. Nxd4 g6
8. O-O a6 9. a4 Bg7 10. Re1 O-O 11. Nf3 Qc7 12. Nd5 Nxd5 13. exd5 Nb6 14. c3
Rfe8 15. Qb3 Nc4 16. Nd2 Ne5 17. Qc2 Qc5 18. c4 a5 19. Ra2 Rac8 20. b3 f5 21.
Nf1 Ng4 22. h3 Ne5 23. Be3 Qb4 24. Bd2 Qc5 25. Be3 Qb4 26. Bd2 Qc5 27. Bc3 Bf6
28. Qd2 b6 29. Ng3 e6 30. Bd4 Qc7 31. f4 Nd7 32. dxe6 Bxd4+ 33. Qxd4 Nc5 34.
Re3 Rxe6 35. Rxe6 Nxe6 36. Qd5 Qc5+ 37. Qxc5 Nxc5 38. Ne2 Re8 39. Kf2 Ne4+ 40.
Kf3 Rd8 41. Rc2 d5 42. Nc3 dxc4 43. Nxe4 Rd3+ 44. Ke2 fxe4 45. Rxc4 Rxb3 46.
Rxe4 Rb2+ 47. Kf3 1/2-1/2

[Event "SR 1. liga zapad 2014/2015"]
[Site "?"]
[Date "2015.01.10"]
[Round "5.3"]
[White "Pagerka, Martin"]
[Black "Lanc, Alois"]
[Result "1-0"]
[WhiteElo "2300"]
[BlackElo "2344"]
[PlyCount "75"]
[EventDate "2014.??.??"]

1. e4 c5 2. Nf3 d6 3. d4 cxd4 4. Nxd4 Nf6 5. Nc3 g6 6. Be3 Bg7 7. f3 h5 8. Qd2
a6 9. O-O-O b5 10. Kb1 Nbd7 11. Nd5 Nxd5 12. exd5 Bb7 13. c4 Nb6 14. cxb5 Bxd5
15. Nc6 Bxc6 16. bxc6 O-O 17. Rc1 Qc7 18. Bd4 Bxd4 19. Qxd4 e5 20. Qd2 a5 21.
h4 Kg7 22. g4 Rh8 23. Be2 Rab8 24. f4 hxg4 25. f5 Na4 26. b3 Nc5 27. Bc4 Qxc6
28. f6+ Kf8 29. h5 gxh5 30. Bd5 Qa6 31. Rc4 Ne6 32. Bxe6 fxe6 33. Qg5 Qb7 34.
Rhc1 Rh7 35. Qg6 Rd8 36. Rc8 Rxc8 37. Rxc8+ Qxc8 38. Qxh7 1-0

[Event "SR 1. liga zapad 2014/2015"]
[Site "?"]
[Date "2015.01.10"]
[Round "5.3"]
[White "Vass, Frantisek"]
[Black "Gasa, Andrej"]
[Result "0-1"]
[WhiteElo "2280"]
[BlackElo "2317"]
[PlyCount "102"]
[EventDate "2014.??.??"]

1. d4 d5 2. c4 c6 3. e3 Nf6 4. Nc3 e6 5. Nf3 Nbd7 6. b3 Bb4 7. Bd2 O-O 8. Qc2
Re8 9. Be2 h6 10. O-O a5 11. Ne5 Nxe5 12. dxe5 Nd7 13. f4 f6 14. Bh5 Re7 15. a3
Bc5 16. Na4 Ba7 17. c5 f5 18. Be1 b5 19. cxb6 Nxb6 20. Bxa5 Ba6 21. Be2 Bxe2
22. Qxe2 Qb8 23. Bb4 Nxa4 24. Bxe7 Qxb3 25. Rae1 Nb2 26. Kh1 Nc4 27. Rf3 Qb7
28. Bh4 Nxa3 29. e4 Nb5 30. Rg3 Nd4 31. Qh5 Qf7 32. Qxh6 fxe4 33. Qg5 Nf5 34.
Rh3 Bc5 35. Qg4 Nh6 36. Qg5 Rf8 37. Rf1 Nf5 38. Bf2 e3 39. Bg1 d4 40. Rd1 Be7
41. Qg4 c5 42. Qe2 Nh6 43. Qa6 Qxf4 44. Qxe6+ Qf7 45. Qa6 Ng4 46. Qd3 Qf5 47.
Qb3+ Qf7 48. Qd3 g6 49. Rf1 Nxe5 50. Rxf7 Nxd3 51. Rfh7 Bf6 0-1

[Event "SR 1. liga zapad 2014/2015"]
[Site "?"]
[Date "2015.01.10"]
[Round "5.3"]
[White "Cajka, Tibor"]
[Black "Banas, Jan"]
[Result "1/2-1/2"]
[WhiteElo "2166"]
[BlackElo "2273"]
[PlyCount "120"]
[EventDate "2014.??.??"]

1. e4 c5 2. Nf3 e6 3. Nc3 a6 4. d4 cxd4 5. Nxd4 b5 6. Bd3 Qb6 7. Nb3 Bb7 8. Qe2
d6 9. a4 b4 10. a5 Qc7 11. Na4 Nd7 12. Bd2 Ngf6 13. Bxb4 d5 14. Bxf8 dxe4 15.
Bxg7 exd3 16. Qxd3 Rg8 17. Bxf6 Nxf6 18. Qc3 Qf4 19. Qd4 Qxd4 20. Nxd4 Rxg2 21.
Nc5 Bd5 22. f3 e5 23. Kf1 Rd2 24. Ncb3 Bxb3 25. Nxb3 Rxc2 26. Re1 O-O-O 27. Rc1
Rxc1+ 28. Nxc1 Rd2 29. b3 Nd5 30. Rg1 Nf4 31. Rg8+ Kd7 32. Ke1 Rxh2 33. Ra8 Rh6
34. Ra7+ Ke8 35. Ra8+ Ke7 36. Ra7+ Kf8 37. b4 Rc6 38. Kd2 h5 39. Rb7 Rd6+ 40.
Ke1 h4 41. Rb6 Ke7 42. Rb7+ Kf6 43. Ne2 Nxe2 44. Kxe2 h3 45. Kf2 h2 46. Kg2
Rd2+ 47. Kh1 Rb2 48. Ra7 Kg5 49. Rxf7 Rxb4 50. Rg7+ Kh4 51. Kxh2 Ra4 52. Kg2
Ra2+ 53. Kf1 Rxa5 54. Ke2 Rb5 55. Kd3 Rc5 56. Ke4 a5 57. f4 exf4 58. Kxf4 Rc4+
59. Ke3 a4 60. Kd3 Rf4 1/2-1/2

[Event "SR 1. liga zapad 2014/2015"]
[Site "?"]
[Date "2015.01.10"]
[Round "5.3"]
[White "Lukac, Roman"]
[Black "Bury, Rastislav"]
[Result "1/2-1/2"]
[WhiteElo "2092"]
[BlackElo "2147"]
[PlyCount "43"]
[EventDate "2014.??.??"]

1. e4 c5 2. Nf3 d6 3. d4 cxd4 4. Nxd4 Nf6 5. Nc3 a6 6. Bc4 e6 7. Qe2 b5 8. Bb3
Be7 9. g4 b4 10. Na4 Qa5 11. c3 Bd7 12. a3 bxc3 13. Nxc3 Nc6 14. Nxc6 Bxc6 15.
O-O O-O 16. Bc2 d5 17. e5 Ne4 18. Nxe4 dxe4 19. Bxe4 Bb5 20. Qe3 Rad8 21. Re1
Bg5 22. Qc3 1/2-1/2

[Event "SR 1. liga zapad 2014/2015"]
[Site "?"]
[Date "2015.01.10"]
[Round "5.3"]
[White "Jozefek, Michal"]
[Black "Liptak, Tomas"]
[Result "1-0"]
[WhiteElo "2064"]
[BlackElo "2168"]
[PlyCount "93"]
[EventDate "2014.??.??"]

1. d4 Nf6 2. c4 g6 3. Nc3 Bg7 4. e4 d6 5. Be2 O-O 6. Nf3 e5 7. d5 a5 8. Bg5 Na6
9. Nd2 Qe8 10. a3 Bd7 11. b3 Nc5 12. Qc2 h6 13. Bh4 Nh7 14. f3 h5 15. Bf2 Bh6
16. Rb1 b6 17. Nb5 Qd8 18. Rb2 f5 19. b4 axb4 20. axb4 Bxb5 21. cxb5 Nd7 22.
O-O f4 23. Rc1 Ra7 24. Ra2 Rxa2 25. Qxa2 Ndf6 26. Qc4 Rf7 27. Ra1 Bf8 28. Qc6
g5 29. Ra7 Rg7 30. Kf1 g4 31. Bh4 Qd7 32. Nc4 gxf3 33. Bxf3 Qf7 34. Ke2 Qg6 35.
Nd2 Ne8 36. Ra8 Nef6 37. h3 Qf7 38. Nc4 Qd7 39. Ra7 Qxc6 40. bxc6 Ne8 41. Kf1
Nhf6 42. Bxf6 Nxf6 43. Nxb6 Rh7 44. Nc4 Ne8 45. b5 h4 46. Bg4 Re7 47. Ke2 1-0